| 000 | 00926nam a22002177a 4500 | ||
|---|---|---|---|
| 003 | St Aloysius Coll | ||
| 005 | 20260223112859.0 | ||
| 008 | 260221b |||||||| |||| 00| 0 eng d | ||
| 020 | _a9780340894613 | ||
| 040 | _cAL | ||
| 041 | _aEnglish | ||
| 082 |
_bBLYF _a823.912 |
||
| 100 |
_aEnid Blyton _9256379 |
||
| 245 | _aFive get into trouble | ||
| 260 |
_aLondon _bHodder Childrens Books _c2015 |
||
| 300 |
_a162p. _bPB _c17.9x10.7cm |
||
| 365 |
_2General _a6073 _b₹159.00 _c₹ _d₹199.00 _e20% _f17/02/2026 |
||
| 520 | _aThe Famous Five are distraught! Dick has been kidnapped - mistaken for somebody else! The gang finally track him down - to a lonely, abandoned house - but then they too are seized and held captive! Now that all of them are miles from home, and from help, how will the intrepid Five get themselves out of this mess . . ? | ||
| 650 |
_2Literature _aEnglish Literature _9256429 |
||
| 942 |
_2ddc _cBK |
||
| 999 |
_c240939 _d240939 |
||